[Event "COL-ch Amateurs U1700"]
[Site "Bogota"]
[Date "2021.06.26"]
[Round "6"]
[White "Lopez Torres, Jorge Emmanuel"]
[Black "Campos Perilla, Felix Santiago"]
[Result "0-1"]
[WhiteElo "1291"]
[BlackElo "1530"]
[PlyCount "66"]
[EventDate "2021.06.23"]
[EventType "swiss"]
[EventRounds "7"]
[EventCountry "COL"]
[SourceTitle "CBM 203 Extra"]
[Source "ChessBase"]
[SourceDate "2021.09.30"]
[SourceVersion "1"]
[SourceVersionDate "2021.09.30"]
[SourceQuality "1"]

1. d4 f5 2. Nc3 Nf6 3. Bg5 d5 4. Nf3 e6 5. g3 Be7 6. Bg2 0-0 7. 0-0 c5 8. e3 Nc6 9. Ne2 b6 10. c4 Ba6 11. cxd5 exd5 12. Re1 c4 13. Nf4 Qd6 14. Ne5 Ne4 15. Bxe7 Nxe7 16. f3 Nf6 17. Rc1 Rac8 18. Kh1 Rfd8 19. Qa4 b5 20. Qd1 Nc6 21. Nxc6 Qxc6 22. Bh3 g6 23. g4 fxg4 24. Bxg4 Nxg4 25. fxg4 Re8 26. Qf3 Re4 27. Rf1 Rf8 28. g5 Qe8 29. Qg2 Bb7 30. Nxd5 Bxd5 31. Rxf8+ Qxf8 32. Rf1 Qxf1+ 33. Qxf1 Rg4+ 0-1